Regionális fejlesztési politika Spanyolországban, különös tekintettel Andalúziára
Elmentve itt :
| Szerző: | |
|---|---|
| További közreműködők: | |
| Dokumentumtípus: | Szakdolgozat |
| Megjelent: |
2009
|
| Tárgyszavak: | |
| Online Access: | http://diploma.bibl.u-szeged.hu/33674 |
| LEADER | 00592nta a2200157 i 4500 | ||
|---|---|---|---|
| 001 | dipl33674 | ||
| 005 | 20130314093643.0 | ||
| 008 | 110811s2009 hu om 0|| zxx d | ||
| 040 | |a SZTE Diploma Repozitórium |b hun | ||
| 041 | |a zxx | ||
| 100 | 1 | |a Fekete Gábor Gergely | |
| 245 | 1 | 0 | |a Regionális fejlesztési politika Spanyolországban, különös tekintettel Andalúziára |h [elektronikus dokumentum] / |c Gábor Gergely Fekete |
| 260 | |c 2009 | ||
| 650 | 4 | |a Gazdaságtudományok | |
| 700 | 1 | |a Farkas Beáta |e ths | |
| 856 | 4 | 0 | |u http://diploma.bibl.u-szeged.hu/id/eprint/33674/1/szakdolgozat.pdf |z Dokumentum-elérés |